000 01325cam a2200313 a 4500
001 1655730
003 NUST - PNEC
005 20170116181121.0
008 971126s1998 enka bi 001 0 eng
010 _a 97048744
020 _a0471982873 (cloth : alk. paper)
035 _a(DLC) 97048744
040 _aDLC
_cLIBRARY
_dDLC
050 0 0 _aQD63.E88
_bD43 1998
082 0 0 _a628.501543 DEA
100 1 _aDean, John R.
245 1 0 _aExtraction methods for environmental analysis /
_cJohn R. Dean.
260 _aChichester ;
_aNew York :
_bJohn Wiley,
_cc1998.
300 _axiii, 225 p. :
_bill. ;
_c24 cm.
504 _aIncludes bibliographical references and index.
650 0 _aExtraction (Chemistry)
_xME
650 0 _aEnvironmental chemistry
_xTechnique.
856 4 2 _3Contributor biographical information
_uhttp://www.loc.gov/catdir/bios/wiley047/97048744.html
856 4 2 _3Publisher description
_uhttp://www.loc.gov/catdir/description/wiley033/97048744.html
856 4 _3Table of Contents
_uhttp://www.loc.gov/catdir/toc/onix03/97048744.html
906 _a7
_bcbc
_corignew
_d1
_eocip
_f19
_gy-gencatlg
942 _2ddc
_cBK
999 _c69578
_d69578